Chickens aren't the only ones (Record no. 262435)
[ view plain ]
| 000 -LEADER | |
|---|---|
| fixed length control field | 00220nam a22000977a 4500 |
| 020 ## - INTERNATIONAL STANDARD BOOK NUMBER | |
| ISBN | 0590426001 |
| 100 ## - MAIN ENTRY--AUTHOR NAME | |
| Personal name | Ruth Heller |
| 245 ## - TITLE STATEMENT | |
| Title | Chickens aren't the only ones |
| 260 ## - PUBLICATION, DISTRIBUTION, ETC. (IMPRINT) | |
| Place of publication | New York |
| Name of publisher | Scholastic |
| Year of publication | 1981 |
| 942 ## - ADDED ENTRY ELEMENTS (KOHA) | |
| Koha item type | Long Loan Books |
| Withdrawn status | Lost status | Collection code | Home library | Current library | Shelving location | Date acquired | Accession Number | Koha item type |
|---|---|---|---|---|---|---|---|---|
| Fiction | Rongo University Library | Rongo University Library | Children's Area | 17/01/2024 | CL2021663 | Long Loan Books |
